000 01516cam a22001814a 4500
005 20250605163421.0
008 250528s ||||||||||||||||||||||||d
035 _a18756
040 _aGR-AtMCL
_bgre
_dGR-AtMCL
_eAACR2
245 1 _aΑγροτική Οικονομική και Πολιτική / Παραδόσεις για τους φοιτητές του Τμήματος Οικονομικών Επιστημών του Πανεπιστημίου Αθηνών
260 _bΑθήνα,
_c1990
300 _a132
520 _aΕισαγωγή, Οικονομική Ανάλυση του Αγροτικού Τομέα, Ζήτηση Αγροτικών Προϊόντων και Τροφίμων, Το Οικονομικό Σύστημα Παραγωγής, Παραγωγή και Προσφορά Αγροτικών Προϊόντων, Λειτουργία της Αγοράς Αγροτικών Προϊόντων και Τιμές, Τεχνολογία και Παραγωγικότητα, Αγροτική Πολιτική, Χαρακτήρας του Αγροτικού Προβλήματος, Στόχοι και Μέσα της Αγροτικής Πολιτικής, Αγροτική Πολιτική Τιμών και Εισοδημάτων, Πολιτική Περιορισμού της Προσφοράς, Θεσμική και Διαρθρωτική Πολιτική, Βιβλιογραφία.
700 1 _aΜεντής Γρήγορης Σπ
942 _cBK
999 _c4072
_d4072